00505 2200205 4500001002100000008004100021035002000062245006400082100001800146250000600164260003400170300001100204084001400215082000800229650001400237990001200251990001200263990001200275990001200287INLIS000000000000438 ind  a0010-0424000414 aEnsiklopedia PPKN; Norma, Hukum dan PeraturancYana Suryana aSuryana, Yana a1 aKlaten :bCempaka Putihc2014 a60 hlm a370 YAN e a370 aNon Fiksi a0722556 a0722557 a0722558 a0722559